Wszyscy reprezentanci Polski w eliminacjach Euro 2024 - Statystyki

Ogólne statystyki
  • Ten quiz został rozwiązany 408 razy
  • Średni wynik to 21 z 37
Statystyki odpowiedzi
Pozycja Liczba minut Zawodnik % Poprawnych
Bramkarz 930 Wojciech Szczęsny
99%
Napastnik 750 Robert Lewandowski
98%
Obrońca 654 Jan Bednarek
89%
Pomocnik 800 Piotr Zieliński
88%
Napastnik 529 Karol Świderski
86%
Napastnik 262 Arkadiusz Milik
85%
Obrońca 930 Jakub Kiwior
85%
Pomocnik 457 Nicola Zalewski
84%
Napastnik 113 Adam Buksa
81%
Napastnik 40 Krzysztof Piątek
81%
Pomocnik 191 Damian Szymański
76%
Pomocnik 420 Sebastian Szymański
76%
Obrońca 169 Matty Cash
71%
Obrońca 210 Paweł Dawidowicz
68%
Pomocnik 679 Przemysław Frankowski
67%
Obrońca 155 Bartosz Bereszyński
63%
Pomocnik 276 Jakub Piotrowski
59%
Pomocnik 54 Kamil Grosicki
59%
Pomocnik 17 Jakub Moder
57%
Pomocnik 435 Bartosz Slisz
53%
Obrońca 130 Bartosz Salamon
52%
Pomocnik 150 Grzegorz Krychowiak
50%
Obrońca 34 Tymoteusz Puchacz
50%
Pomocnik 284 Jakub Kamiński
44%
Pomocnik 15 Taras Romanczuk
41%
Obrońca 444 Tomasz Kędziora
40%
Pomocnik 132 Michał Skóraś
38%
Pomocnik 182 Karol Linetty
37%
Obrońca 207 Patryk Peda
32%
Obrońca 58 Paweł Bochniewicz
32%
Obrońca 56 Mateusz Wieteska
26%
Pomocnik 147 Paweł Wszołek
26%
Pomocnik 45 Krystian Bielik
22%
Obrońca 81 Robert Gumny
21%
Pomocnik 22 Filip Marchwiński
18%
Pomocnik 127 Patryk Dziczek
17%
Obrońca 45 Michał Karbownik
15%
Nie znaleziono quizów pasujących do podanych kryteriów
Rozkład punktacji
Procent ludzi z każdym wynikiem
Percentyl według liczby udzielonych odpowiedzi
Twoja historia wyników
Nie rozwiązałeś tego quizu